Normirovanije potreblenija i ekonomija toplivno-energetičeskich resursov /

Salvato in:
Dettagli Bibliografici
Autori principali: Saľnikov, A.Ch (Autore), Ševčenko, L.A (Autore)
Natura: Libro
Lingua:russo
Pubblicazione: Moskva : Energoatomizdat, 1986
Tags: Aggiungi Tag
Nessun Tag, puoi essere il primo ad aggiungerne!!

MARC

LEADER 00000nam a22000003a 4500
001 stu28985
005 20150617225738.3
008 950523s1986----xxr-----------------rus-d
040 |a STU  |b slo 
041 0 |a rus 
044 |a xxr 
080 |a 620.9.004.18  |7 stu_us_auth*stu3645 
100 1 |a Saľnikov, A.Ch  |4 aut 
245 1 |a Normirovanije potreblenija i ekonomija toplivno-energetičeskich resursov /  |c [aut]Saľnikov,A.Ch.;Ševčenko,L.A 
260 |a Moskva :  |b Energoatomizdat,  |c 1986 
300 |a 240 s 
700 1 |a Ševčenko, L.A  |4 aut 
996 |c V*37469/O-15670  |l VV18  |s P  |a 0  |w stu28985_0001